Statistics for D-Day Trivia

Click here to take the quiz!

General Stats

  • This quiz has been taken 291 times
  • The average score is 10 of 15

Answer Stats

HintAnswer% Correct
In which country did the Allied landings take place?France
100%
How many different beaches were landed on during the invasion?5
95%
US D-Day ally other than Britain.Canada
92%
Name of the enitre stretch of coastline where D-Day took place.Normandy
88%
Allied forces suffered the most casualties on this beach.Omaha
86%
Date of D-Day (Ex: March 9 1980)June 6 1944
81%
1998 movie starring Tom Hanks that is based on the D-Day invasion.Saving Private Ryan
78%
Operation name given to the Allied landings on D-Day.Overlord
77%
What body of water was crossed by the Allies on D-Day?English Channel
72%
Primary commanding General in Europe for D-Day.Eisenhower
69%
German Field Marshal in command of German defensive forces along the Atlantic border.Erwin Rommel
63%
Name of Atlantic border defensive fortifications set up by Germans forces.Atlantic Wall
43%
Key French port captured on D-Day by the Allies.Cherbourg
28%
Name of the portable harbour used by the Allies for the invasion.Mulberry
24%
Operation name given to the deception strategy used by the Allies leading up to D-Day.Operation Fortitude
13%

Score Distribution

Percentile by Number Answered

Percent of People with Each Score

Your Score History

You have not taken this quiz